Pes a jeho výcvik /

Hlavní autor: Hrušovský, Jozef, 1929-
Jazyk: Čeština
Vydáno: Praha : Naše vojsko, 1990
Vydání: Vyd. 2., (dopl. a přeprac.)
Témata:
Externí odkaz: Digitalizovaný dokument
Fyzický popis: 331 s. : il. (některé barev.) ; 21 cm
Knihy
Uloženo v:
LEADER 01294nam a2200361 a 4500
001 001311964
003 CZ BrMZK
005 20130731140214.0
007 ta
008 130722s1990 xr a e f 000 0 cze
015 |a cnb000057386 
020 |a 80-206-0091-4  |q (váz.) :  |c Kčs 42,00 
035 |a (OCoLC)85662124 
040 |a ABA001  |b cze  |d ABA001  |d BOA001 
072 7 |a 636  |x Chov zvířat. Živočišná výroba  |2 Konspekt  |9 24 
080 |a 636.74  |2 MRF 
080 |a 636.088  |2 MRF 
080 |a (035)  |2 MRF 
100 1 |a Hrušovský, Jozef,  |d 1929-  |7 xx0011753  |4 aut  |4 pht 
245 1 0 |a Pes a jeho výcvik /  |c Jozef Hrušovský a kolektiv 
250 |a Vyd. 2., (dopl. a přeprac.) 
260 |a Praha :  |b Naše vojsko,  |c 1990 
300 |a 331 s. :  |b il. (některé barev.) ;  |c 21 cm 
500 |a 90000 výt. 
504 |a Obsahuje bibliografii 
650 0 7 |a služební psi  |7 ph316243  |2 czenas 
650 0 7 |a výcvik zvířat  |7 ph135107  |2 czenas 
655 7 |a příručky  |7 fd133209  |2 czenas 
856 4 1 |u http://www.digitalniknihovna.cz/mzk/uuid/uuid:b0b8c3f0-1b96-11e3-9319-005056827e51  |y Digitalizovaný dokument  |x NDK 
910 |a BOA001  |b 2-1309.170 
990 |a BK 
991 |b 201307  |e n 
996 6 |b 2610558104  |c 2-1309.170  |l MZK  |r Sklad / do 1 hodiny  |n 3  |p dar  |w 001346841  |u 000010  |a 1  |e BOA001  |j MZK50  |s P